NBA Team Tile Select - Statistics

General Stats
  • This quiz has been taken 17 times
  • The average score is 90 of 150
Answer Stats
Question Tile Select % Correct
Teams that have not won a championship 76ers No
100%
Teams that have not won a championship Celtics No
100%
Teams that have not won a championship Grizzlies Yes
100%
Teams that have not won a championship Heat No
100%
Teams that have not won a championship Hornets Yes
100%
Teams that have not won a championship Lakers No
100%
Teams that have not won a championship Mavericks No
100%
Teams that have not won a championship Pelicans Yes
100%
Teams that have not won a championship Raptors No
100%
Teams that have not won a championship Rockets No
100%
Teams that have not won a championship Spurs No
100%
Teams that have not won a championship Cavaliers No
94%
Teams that have not won a championship Clippers Yes
94%
Teams that have not won a championship Magic Yes
94%
Teams that have not won a championship Timberwolves Yes
94%
Teams that have not won a championship Trail Blazers No
94%
Teams that have not won a championship Knicks No
88%
Teams that have not won a championship Nuggets Yes
88%
Teams that have not won a championship Suns Yes
88%
Teams that have not won a championship Hawks No
81%
Teams that have not won a championship Jazz Yes
81%
Teams that have not won a championship Nets Yes
81%
Teams that did not make the playoffs in 2021-2022 76ers No
75%
Teams that did not make the playoffs in 2021-2022 Bucks No
75%
Teams that did not make the playoffs in 2021-2022 Bulls No
75%
Teams that did not make the playoffs in 2021-2022 Celtics No
75%
Teams that did not make the playoffs in 2021-2022 Pacers Yes
75%
Teams that have not won a championship Wizards No
75%
Teams that have never had a player win MVP 76ers No
69%
Teams that have never had a player win MVP Bucks No
69%
Teams that have never had a player win MVP Bulls No
69%
Teams that have never had a player win MVP Cavaliers No
69%
Teams that have never had a player win MVP Celtics No
69%
Teams that have never had a player win MVP Heat No
69%
Teams that did not make the playoffs in 2021-2022 Kings Yes
69%
Teams that did not make the playoffs in 2021-2022 Lakers Yes
69%
Teams that have never had a player win MVP Lakers No
69%
Teams that did not make the playoffs in 2021-2022 Magic Yes
69%
Teams that did not make the playoffs in 2021-2022 Nets No
69%
Teams that did not make the playoffs in 2021-2022 Nuggets No
69%
Teams that have never had a player win MVP Pacers Yes
69%
Teams that did not make the playoffs in 2021-2022 Raptors No
69%
Teams that have never had a player win MVP Rockets No
69%
Teams that have never had a player win MVP Spurs No
69%
Teams that did not make the playoffs in 2021-2022 Suns No
69%
Teams that did not make the playoffs in 2021-2022 Thunder Yes
69%
Teams that did not make the playoffs in 2021-2022 Timberwolves No
69%
Teams that did not make the playoffs in 2021-2022 Wizards Yes
69%
Teams that have one of their main colours as red (or a shade of red) Bucks No
63%
Teams that have one of their main colours as red (or a shade of red) Celtics No
63%
Teams that did not make the playoffs in 2021-2022 Hornets Yes
63%
Teams that have never had a player win MVP Hornets Yes
63%
Teams that did not make the playoffs in 2021-2022 Jazz No
63%
Teams that have never had a player win MVP Jazz No
63%
Teams that have one of their main colours as red (or a shade of red) Kings No
63%
Teams that have one of their main colours as red (or a shade of red) Knicks No
63%
Teams that have one of their main colours as red (or a shade of red) Lakers No
63%
Teams that have one of their main colours as red (or a shade of red) Mavericks No
63%
Teams that did not make the playoffs in 2021-2022 Pelicans No
63%
Teams that have never had a player win MVP Pelicans Yes
63%
Teams that did not make the playoffs in 2021-2022 Pistons Yes
63%
Teams that have never had a player win MVP Suns No
63%
Teams that have not relocated (still playing in the same city from when they were founded) Thunder No
63%
Teams that have one of their main colours as red (or a shade of red) Thunder No
63%
Teams that did not make the playoffs in 2021-2022 Trail Blazers Yes
63%
Teams that have never had a player win MVP Trail Blazers No
63%
Teams that have not relocated (still playing in the same city from when they were founded) Bucks Yes
56%
Teams that have not relocated (still playing in the same city from when they were founded) Bulls Yes
56%
Teams that have one of their main colours as red (or a shade of red) Bulls Yes
56%
Teams that have not relocated (still playing in the same city from when they were founded) Cavaliers Yes
56%
Teams that have been founded before 1979 (In the city they currently play in) Celtics Yes
56%
Teams that have not relocated (still playing in the same city from when they were founded) Celtics Yes
56%
Teams that have never had a player win MVP Grizzlies Yes
56%
Teams that have not relocated (still playing in the same city from when they were founded) Grizzlies No
56%
Teams that have been founded before 1979 (In the city they currently play in) Hawks Yes
56%
Teams that have one of their main colours as red (or a shade of red) Hawks Yes
56%
Teams that have not relocated (still playing in the same city from when they were founded) Heat Yes
56%
Teams that have been founded before 1979 (In the city they currently play in) Hornets No
56%
Teams that have one of their main colours as red (or a shade of red) Hornets No
56%
Teams that have one of their main colours as red (or a shade of red) Jazz No
56%
Teams that have not won a championship Kings No
56%
Teams that did not make the playoffs in 2021-2022 Knicks Yes
56%
Teams that have been founded before 1979 (In the city they currently play in) Knicks Yes
56%
Teams that have not relocated (still playing in the same city from when they were founded) Lakers No
56%
Teams that have not relocated (still playing in the same city from when they were founded) Magic Yes
56%
Teams that have one of their main colours as red (or a shade of red) Magic No
56%
Teams that have not relocated (still playing in the same city from when they were founded) Mavericks Yes
56%
Teams that have been founded before 1979 (In the city they currently play in) Nuggets Yes
56%
Teams that have not relocated (still playing in the same city from when they were founded) Pacers Yes
56%
Teams that have one of their main colours as red (or a shade of red) Pacers No
56%
Teams that have been founded before 1979 (In the city they currently play in) Raptors No
56%
Teams that have one of their main colours as red (or a shade of red) Raptors Yes
56%
Teams that did not make the playoffs in 2021-2022 Rockets Yes
56%
Teams that have one of their main colours as red (or a shade of red) Rockets Yes
56%
Teams that have not relocated (still playing in the same city from when they were founded) Suns Yes
56%
Teams that have one of their main colours as red (or a shade of red) Suns No
56%
Teams that have not won a championship Thunder No
56%
Teams that have never had a player win MVP Thunder No
56%
Teams that have not relocated (still playing in the same city from when they were founded) Timberwolves Yes
56%
Teams that have never had a player win MVP Wizards No
56%
Teams that have been founded before 1979 (In the city they currently play in) 76ers Yes
50%
Teams that have been founded before 1979 (In the city they currently play in) Bulls Yes
50%
Teams that did not make the playoffs in 2021-2022 Clippers Yes
50%
Teams that have one of their main colours as red (or a shade of red) Heat Yes
50%
Teams that have never had a player win MVP Kings No
50%
Teams that have not relocated (still playing in the same city from when they were founded) Knicks Yes
50%
Teams that have one of their main colours as red (or a shade of red) Nets No
50%
Teams that have not relocated (still playing in the same city from when they were founded) Nuggets Yes
50%
Teams that have never had a player win MVP Raptors Yes
50%
Teams that have not relocated (still playing in the same city from when they were founded) Raptors Yes
50%
Teams that have been founded before 1979 (In the city they currently play in) Spurs Yes
50%
Teams that have not relocated (still playing in the same city from when they were founded) Spurs Yes
50%
Teams that have been founded before 1979 (In the city they currently play in) Suns Yes
50%
Teams that have never had a player win MVP Timberwolves No
50%
Teams that have one of their main colours as red (or a shade of red) Wizards Yes
50%
Teams that have been founded before 1979 (In the city they currently play in) Bucks Yes
44%
Teams that did not make the playoffs in 2021-2022 Cavaliers Yes
44%
Teams that have one of their main colours as red (or a shade of red) Cavaliers Yes
44%
Teams that have one of their main colours as red (or a shade of red) Clippers Yes
44%
Teams that have been founded before 1979 (In the city they currently play in) Heat No
44%
Teams that have been founded before 1979 (In the city they currently play in) Jazz Yes
44%
Teams that have been founded before 1979 (In the city they currently play in) Lakers Yes
44%
Teams that have never had a player win MVP Magic Yes
44%
Teams that have been founded before 1979 (In the city they currently play in) Mavericks No
44%
Teams that have been founded before 1979 (In the city they currently play in) Pacers Yes
44%
Teams that have one of their main colours as red (or a shade of red) Pistons Yes
44%
Teams that have been founded before 1979 (In the city they currently play in) Rockets Yes
44%
Teams that have not relocated (still playing in the same city from when they were founded) Rockets No
44%
Teams that did not make the playoffs in 2021-2022 Spurs Yes
44%
Teams that have been founded before 1979 (In the city they currently play in) Timberwolves No
44%
Teams that have been founded before 1979 (In the city they currently play in) Trail Blazers Yes
44%
Teams that have not relocated (still playing in the same city from when they were founded) Trail Blazers Yes
44%
Teams that have one of their main colours as red (or a shade of red) Trailblazers Yes
44%
Teams that have one of their main colours as red (or a shade of red) 76ers Yes
38%
Teams that have not relocated (still playing in the same city from when they were founded) Clippers No
38%
Teams that have not relocated (still playing in the same city from when they were founded) Hornets Yes
38%
Teams that have not relocated (still playing in the same city from when they were founded) Jazz No
38%
Teams that have been founded before 1979 (In the city they currently play in) Magic No
38%
Teams that have never had a player win MVP Nets Yes
38%
Teams that have not relocated (still playing in the same city from when they were founded) Nets No
38%
Teams that have been founded before 1979 (In the city they currently play in) Warriors Yes
38%
Teams that have been founded before 1979 (In the city they currently play in) Cavaliers Yes
31%
Teams that have one of their main colours as red (or a shade of red) Pelicans Yes
31%
Teams that have been founded before 1979 (In the city they currently play in) Pistons Yes
31%
Teams that have not relocated (still playing in the same city from when they were founded) Wizards No
31%
Teams that have never had a player win MVP Clippers No
25%
Teams that have been founded before 1979 (In the city they currently play in) Nets Yes
25%
Teams that have never had a player win MVP Pistons Yes
25%
Teams that have been founded before 1979 (In the city they currently play in) Wizards No
25%
Teams that have not relocated (still playing in the same city from when they were founded) Pelicans No
19%
No matching quizzes found
Score Distribution
Percent of People with Each Score
Percentile by Number Answered
Your Score History
You have not taken this quiz